| 000 | 01492nam a2200301Ia 4500 | ||
|---|---|---|---|
| 001 | 88986 | ||
| 003 | IT-RoPAU | ||
| 008 | 130308s9999 xx 000 0 und d | ||
| 040 | _aIT-RoPAU | ||
| 040 | _cIT-RoPAU | ||
| 041 | _aFRANCESE | ||
| 100 | _aBartoli-Anglard Veronique | ||
| 100 | _gCodice Aut. SPICS: 31915 | ||
| 245 | _aSurrealisme (Le) | ||
| 245 | _bSurrealisme (Le) | ||
| 250 | _a1a ed. | ||
| 260 | _aPARIS | ||
| 260 | _bNathan | ||
| 260 | _c1989 [1° Ed.:1989 - Ed.Ling.Originale:1989] | ||
| 300 | _a"160 p. (prefazione: no ; testo: 160 [pagine: 0-0])" | ||
| 500 | _aArte in cambiamento sorgenti del surrealismo Romanticismo Simbolismo Fantastico Prese di posizione surrealiste Nascita del comunismo Anti Cultura Dada Andre' Breton e Il gruppo Grandi Opzioni del Movimento Alla Ricerca di un Linguaggio Scrittura Automatica Dare Forma Umana al Linguaggio Aprire le Porte al Surreale Immaginazione surrealista Trascrizione del sogno Fantastico e follia Amore forza di liberazione Visione Mitica della donna Alla Ricerca di Nuovi Miti Mito collettivo Teoria della Sorte Obiettiva Pittura surrealista Poesia e Pittura Tecniche per un'arte vivente Teatro e Cinema Mondo in Movimento Cinema del Surreale Ricerca dell'Assoluto e dell'Eccezionale Espressione della Rivolta Permanente piccola Cronologia surrealista Bibliografia | ||
| 650 | _aSAGGI DI ICONOLOGIA | ||
| 650 | _eCodice materia Spics: 5161 | ||
| 942 | _cBK | ||
| 957 | _71 | ||
| 999 |
_c68934 _d68934 |
||
| 999 | _bSI | ||
| 999 | _g1 | ||